Vista normal Vista MARC

Entrada Materia (personas)

Número de registros utilizados en: 1

001 - CONTROL NUMBER

  • control field: 71976

003 - CONTROL NUMBER IDENTIFIER

  • control field: Co-BoUCM

005 - DATE AND TIME OF LATEST TRANSACTION

  • control field: 20151002163331.0

008 - FIXED-LENGTH DATA ELEMENTS

  • fixed length control field: 151002|| aca||aabn | a|a d

040 ## - CATALOGING SOURCE

  • Original cataloging agency: Co-BoUCM
  • Transcribing agency: Co-BoUCM

100 ## - HEADING--PERSONAL NAME

  • Personal name:
  • Dates associated with a name: 1803-1891

670 ## - SOURCE DATA FOUND

  • Source citation: Work cat.: (Co-BoUCM)301473: Castellanos, Rafael Ramón 71975, El general Manuel Antonio López, 1972